000 00471pam a2200181 a 4500
020 _a0030054729 (pbk.)
040 _cDLC
082 0 0 _a338 DRY 1986 A074 Or.
100 1 _aDolan, Edwin G.
245 1 0 _aMicroeconomics /
250 _a4th ed.
260 _aChicago :
_bDryden Press,
_cc1986.
300 _axxv, 528, [12] p. :
_bill. ;
_c26 cm.
500 _aRev. ed. of: Basic microeconomics.
650 0 _aMicroeconomics.
700 1 _aDolan, Edwin G.
942 _cEK
999 _c15106
_d15106